=LDR 00000nam 2200000 4500 =001 000380 =005 20250710030902 =035 ##$$a 0010-0725000240 =007 ta =008 250710################a##########0#ind## =020 ##$$a 978-623-307-369-1 =082 ##$$a 398.209 598 =084 ##$$a 398.209 598 GOP m =100 #$$a Gopakumar, Sreedevi =245 1#$$a Mangga dan Maling Kecil /$c Sreedevi Gopakumar =250 ##$$a cetakan pertama =260 ##$$a Jakarta :$b Badan pengembangan dan pembinaan bahasa,$c 2022 =300 ##$$a 16 hlm. : $b ilus. ; $c 21cm$e 398.209 598 =650 #4$$a Cerita Anak Indonesia-Terjemahan =856 ##$$a TBM As Suhada =990 ##$$a TBM01010101